000 00588nam a2200181Ia 4500
008 090124s9999 xx 000 0 und d
082 _b121071
100 _aदेशपांडे शिरीष गोपाळ
245 _a शोध प्रतिशोध
250 _a1
260 _c1985
300 _a262
600 _aदेशपांडे शिरीष गोपाळ
630 _a शोध प्रतिशोध
700 _aदेशपांडे शिरीष गोपाळ
730 _a शोध प्रतिशोध
942 _cBOOK
999 _c167157
_d167157